[Event "European Online Club-ch-E 2021"]
[Site "Online"]
[Date "2021.03.27"]
[Round "4.10"]
[White "Seo, Jung Min"]
[Black "Kocyigit, Buse Naz"]
[Result "1-0"]
[WhiteElo "2453"]
[BlackElo "2143"]
[Annotator "ChessBase"]
[PlyCount "95"]
[EventDate "2021.03.27"]
[EventType "team-tourn"]
[EventCountry "NET"]
[SourceTitle "playchess.com"]
[Source "ChessBase"]
[SourceQuality "1"]
[TimeControl "900+5"]

1. b3 {[%emt 0:00:00]} Nf6 {[%emt 0:00:07]} 2. Bb2 {[%emt 0:00:04]} g6 {[%emt 0:00:03]} 3. Bxf6 {[%emt 0:00:07]} exf6 {[%emt 0:00:02]} 4. c4 {[%emt 0:00:02]} d5 {[%emt 0:00:01]} 5. cxd5 {[%emt 0:00:02]} Qxd5 {[%emt 0:00:02]} 6. Nc3 {[%emt 0:00:02]} Qa5 {[%emt 0:00:03]} 7. g3 {[%emt 0:00:10]} c6 {[%emt 0:00:04]} 8. Bg2 {[%emt 0:00:02]} f5 {[%emt 0:02:04]} 9. e3 {[%emt 0:00:04]} Bg7 {[%emt 0:00:08]} 10. Nge2 {[%emt 0:00:03]} O-O {[%emt 0:00:11]} 11. O-O {[%emt 0:00:02]} Nd7 {[%emt 0:00:13]} 12. Qc2 {[%emt 0:00:06]} Nf6 {[%emt 0:00:09]} 13. d4 {[%emt 0:00:04]} Be6 {[%emt 0:00:22]} 14. Na4 {[%emt 0:00:52]} Bd5 {[%emt 0:00:40]} 15. Nf4 {[%emt 0:00:25]} Bxg2 {[%emt 0:01:02]} 16. Kxg2 {[%emt 0:00:03]} Ne4 {[%emt 0:01:00]} 17. Rac1 {[%emt 0:00:06]} Rfe8 {[%emt 0:00:33]} 18. Rfd1 {[%emt 0:00:08]} Bh6 {[%emt 0:01:36]} 19. Nd3 {[%emt 0:00:30]} Qd5 {[%emt 0:01:24]} 20. Qc4 {[%emt 0:00:16]} Qd8 {[%emt 0:01:33]} 21. Nac5 {[%emt 0:00:08]} Qe7 {[%emt 0:00:30]} 22. Re1 {[%emt 0:00:38]} Nd6 {[%emt 0:00:50]} 23. Qc2 {[%emt 0:00:12]} Rac8 {[%emt 0:01:03]} 24. Ne5 {[%emt 0:00:12]} Bg7 {[%emt 0:00:33]} 25. Nf3 {[%emt 0:00:07]} Ne4 {[%emt 0:00:13]} 26. h4 {[%emt 0:00:09]} b6 {[%emt 0:00:20]} 27. Nxe4 {[%emt 0:00:16]} fxe4 {[%emt 0:00:02]} 28. Nd2 {[%emt 0:00:06]} h5 {[%emt 0:00:52]} 29. Qb1 {[%emt 0:00:14]} Bf6 {[%emt 0:00:03]} 30. Rc4 {[%emt 0:00:10]} Qe6 {[%emt 0:00:25]} 31. Rec1 {[%emt 0:00:18]} Qd5 {[%emt 0:00:49]} 32. Qc2 {[%emt 0:00:15]} Re6 {[%emt 0:00:10]} 33. b4 {[%emt 0:00:06]} Be7 {[%emt 0:00:12]} 34. a3 {[%emt 0:00:03]} g5 {[%emt 0:00:18]} 35. hxg5 {[%emt 0:00:08]} h4 {[%emt 0:00:06]} 36. gxh4 {[%emt 0:00:35]} Qf5 {[%emt 0:00:01]} 37. Qd1 {[%emt 0:00:05]} Kg7 {[%emt 0:00:02]} 38. Nf1 {[%emt 0:00:04]} Rh8 {[%emt 0:00:10]} 39. Ng3 {[%emt 0:00:04]} Qd5 {[%emt 0:00:03]} 40. Qg4 {[%emt 0:00:07]} b5 {[%emt 0:00:12]} 41. R4c3 {[%emt 0:00:14]} Kf8 {[%emt 0:00:03]} 42. Rh1 {[%emt 0:00:09]} Bd6 {[%emt 0:00:10]} 43. Qf5 {[%emt 0:00:10]} Qa2 {[%emt 0:00:02]} 44. Rxc6 {[%emt 0:00:26]} Qxa3 {[%emt 0:00:07]} 45. Rc8+ {[%emt 0:00:19]} Kg7 {[%emt 0:00:04]} 46. Rxh8 {[%emt 0:00:08]} Kxh8 {[%emt 0:00:01]} 47. Qxf7 {[%emt 0:00:07]} Re7 {[%emt 0:00:08]} 48. Qf6+ {[%emt 0:00:04]} 1-0

[Event "European Online Club-ch-E 2021"]
[Site "Online"]
[Date "2021.03.27"]
[Round "4.11"]
[White "Aydin, Gulenay"]
[Black "Hauge, Lars Oskar"]
[Result "0-1"]
[WhiteElo "1975"]
[BlackElo "2483"]
[Annotator "ChessBase"]
[PlyCount "82"]
[EventDate "2021.03.27"]
[EventType "team-tourn"]
[EventCountry "NET"]
[SourceTitle "playchess.com"]
[Source "ChessBase"]
[SourceQuality "1"]
[TimeControl "900+5"]

1. e4 {[%emt 0:00:00]} c6 {[%emt 0:00:05]} 2. d4 {[%emt 0:00:05]} d5 {[%emt 0:00:02]} 3. exd5 {[%emt 0:00:02]} cxd5 {[%emt 0:00:03]} 4. c4 {[%emt 0:00:01]} Nf6 {[%emt 0:00:11]} 5. Nc3 {[%emt 0:00:02]} Nc6 {[%emt 0:00:04]} 6. Bg5 {[%emt 0:00:02]} Be6 {[%emt 0:00:02]} 7. Nf3 {[%emt 0:00:21]} Qa5 {[%emt 0:00:09]} 8. Bxf6 {[%emt 0:03:15]} exf6 {[%emt 0:00:04]} 9. c5 {[%emt 0:00:17]} Bxc5 {[%emt 0:00:44]} 10. Bb5 {[%emt 0:04:23]} Bb4 {[%emt 0:00:10]} 11. O-O {[%emt 0:01:23]} Rc8 {[%emt 0:00:38]} 12. Bxc6+ {[%emt 0:01:51]} Rxc6 {[%emt 0:00:04]} 13. Ne2 {[%emt 0:00:01]} O-O {[%emt 0:00:04]} 14. a3 {[%emt 0:00:11]} Bd6 {[%emt 0:00:04]} 15. Nc3 {[%emt 0:00:08]} Qd8 {[%emt 0:00:12]} 16. Re1 {[%emt 0:00:29]} Bb8 {[%emt 0:00:04]} 17. h3 {[%emt 0:00:09]} g6 {[%emt 0:00:18]} 18. Qd2 {[%emt 0:00:08]} Kg7 {[%emt 0:00:02]} 19. Re2 {[%emt 0:00:07]} Qd6 {[%emt 0:00:27]} 20. Rae1 {[%emt 0:00:10]} a6 {[%emt 0:00:03]} 21. Na4 {[%emt 0:01:10]} Bf5 {[%emt 0:00:16]} 22. Nc5 {[%emt 0:00:11]} Rc7 {[%emt 0:00:32]} 23. Nd3 {[%emt 0:01:15]} Be4 {[%emt 0:00:24]} 24. Re3 {[%emt 0:00:39]} Rfc8 {[%emt 0:00:39]} 25. Nc5 {[%emt 0:00:16]} Bxf3 {[%emt 0:00:04]} 26. Rxf3 {[%emt 0:00:01]} b6 {[%emt 0:00:02]} 27. b4 {[%emt 0:00:26]} bxc5 {[%emt 0:00:05]} 28. bxc5 {[%emt 0:00:04]} Qc6 {[%emt 0:00:02]} 29. g4 {[%emt 0:00:09]} Rb7 {[%emt 0:00:05]} 30. h4 {[%emt 0:00:05]} Qc7 {[%emt 0:00:06]} 31. Rg3 {[%emt 0:00:07]} Qd7 {[%emt 0:00:08]} 32. Rg2 {[%emt 0:00:02]} h6 {[%emt 0:00:02]} 33. g5 {[%emt 0:00:04]} fxg5 {[%emt 0:00:02]} 34. hxg5 {[%emt 0:00:04]} hxg5 {[%emt 0:00:06]} 35. Qxg5 {[%emt 0:00:06]} Rh8 {[%emt 0:00:02]} 36. f3 {[%emt 0:00:10]} Qh3 {[%emt 0:00:05]} 37. Qxd5 {[%emt 0:00:03]} Qh1+ {[%emt 0:00:04]} 38. Kf2 {[%emt 0:00:01]} Rb2+ {[%emt 0:00:01]} 39. Re2 {[%emt 0:00:06]} Rxe2+ {[%emt 0:00:05]} 40. Kxe2 {[%emt 0:00:04]} Qxg2+ {[%emt 0:00:02]} 41. Ke3 {[%emt 0:00:01]} Re8+ {[%emt 0:00:03]} 0-1

[Event "European Online Club-ch-E 2021"]
[Site "Online"]
[Date "2021.03.27"]
[Round "4.12"]
[White "Cederstam Barsk, Carl"]
[Black "Anacoglu, Cisel"]
[Result "1-0"]
[WhiteElo "2366"]
[BlackElo "1924"]
[Annotator "NA"]
[PlyCount "121"]
[EventDate "2021.03.27"]
[EventType "team-tourn"]
[EventCountry "NET"]
[SourceTitle "playchess.com"]
[Source "ChessBase"]
[SourceQuality "1"]
[TimeControl "900+5"]

1. Nf3 {[%emt 0:00:00]} d5 {[%emt 0:00:04]} 2. d4 {[%emt 0:00:10]} Nf6 {[%emt 0:00:05]} 3. c4 {[%emt 0:00:03]} dxc4 {[%emt 0:00:02]} 4. e3 {[%emt 0:00:04]} e6 {[%emt 0:00:02]} 5. Bxc4 {[%emt 0:00:02]} c5 {[%emt 0:00:09]} 6. O-O {[%emt 0:00:03]} a6 {[%emt 0:00:02]} 7. dxc5 {[%emt 0:00:08]} Qc7 {[%emt 0:01:28]} 8. b4 {[%emt 0:04:50]} a5 {[%emt 0:00:20]} 9. Qa4+ {[%emt 0:01:15]} Bd7 {[%emt 0:00:06]} 10. Bb5 {[%emt 0:00:10]} Bxb5 {[%emt 0:00:21]} 11. Qxb5+ {[%emt 0:00:03]} Qc6 {[%emt 0:00:02]} 12. Qxc6+ {[%emt 0:01:59]} Nxc6 {[%emt 0:00:04]} 13. b5 {[%emt 0:00:05]} Nb4 {[%emt 0:00:09]} 14. a3 {[%emt 0:00:08]} Nd3 {[%emt 0:02:25]} 15. c6 {[%emt 0:00:16]} bxc6 {[%emt 0:00:05]} 16. bxc6 {[%emt 0:00:03]} Ne4 {[%emt 0:00:49]} 17. Bd2 {[%emt 0:01:24]} Be7 {[%emt 0:00:27]} 18. Nc3 {[%emt 0:00:26]} Nxd2 {[%emt 0:00:06]} 19. Nxd2 {[%emt 0:00:02]} Bf6 {[%emt 0:00:03]} 20. Nde4 {[%emt 0:00:42]} Bxc3 {[%emt 0:00:34]} 21. Nxc3 {[%emt 0:00:02]} Rc8 {[%emt 0:00:15]} 22. Rab1 {[%emt 0:00:54]} O-O {[%emt 0:00:14]} 23. Rb6 {[%emt 0:00:06]} Ne5 {[%emt 0:01:21]} 24. Rc1 {[%emt 0:00:41]} Rxc6 {[%emt 0:00:59]} 25. Rxc6 {[%emt 0:00:04]} Nxc6 {[%emt 0:00:02]} 26. Ne4 {[%emt 0:00:54]} Rb8 {[%emt 0:03:24]} 27. g3 {[%emt 0:00:02]} Rb6 {[%emt 0:00:04]} 28. Rc5 {[%emt 0:00:02]} Kf8 {[%emt 0:00:47]} 29. Nd6 {[%emt 0:00:02]} Ne5 {[%emt 0:01:22]} 30. Rxe5 {[%emt 0:01:11]} Rxd6 {[%emt 0:00:02]} 31. Rxa5 {[%emt 0:00:01]} Rd1+ {[%emt 0:00:03]} 32. Kg2 {[%emt 0:00:01]} Ra1 {[%emt 0:00:01]} 33. Ra7 {[%emt 0:00:06]} g6 {[%emt 0:00:05]} 34. g4 {[%emt 0:00:02]} h6 {[%emt 0:00:30]} 35. h4 {[%emt 0:00:04]} Kg7 {[%emt 0:00:02]} 36. g5 {[%emt 0:00:09]} h5 {[%emt 0:00:41]} 37. a4 {[%emt 0:00:12]} Kg8 {[%emt 0:00:13]} 38. Ra8+ {[%emt 0:00:05]} Kg7 {[%emt 0:00:01]} 39. a5 {[%emt 0:00:02]} Ra4 {[%emt 0:00:13]} 40. a6 {[%emt 0:00:38]} Kh7 {[%emt 0:00:21]} 41. f4 {[%emt 0:00:39]} Kg7 {[%emt 0:00:02]} 42. Kf3 {[%emt 0:00:01]} Kh7 {[%emt 0:00:02]} 43. Ke2 {[%emt 0:00:02]} Ra3 {[%emt 0:00:03]} 44. Kd2 {[%emt 0:00:06]} Kg7 {[%emt 0:00:03]} 45. e4 {[%emt 0:00:10]} Kh7 {[%emt 0:00:10]} 46. Kc2 {[%emt 0:00:03]} Kg7 {[%emt 0:00:08]} 47. Kb2 {[%emt 0:00:01]} Ra5 {[%emt 0:00:12]} 48. Kc3 {[%emt 0:00:06]} Ra1 {[%emt 0:00:06]} 49. Kd4 {[%emt 0:00:05]} Ra4+ {[%emt 0:00:03]} 50. Ke5 {[%emt 0:00:06]} Ra1 {[%emt 0:00:08]} 51. Kd6 {[%emt 0:00:05]} Rd1+ {[%emt 0:00:03]} 52. Kc6 {[%emt 0:00:05]} Rc1+ {[%emt 0:00:03]} 53. Kb6 {[%emt 0:00:01]} Rb1+ {[%emt 0:00:01]} 54. Ka7 {[%emt 0:00:03]} Rb4 {[%emt 0:00:05]} 55. Rb8 {[%emt 0:00:04]} Rxe4 {[%emt 0:00:18]} 56. Rb6 {[%emt 0:00:19]} Rxf4 {[%emt 0:00:03]} 57. Kb7 {[%emt 0:00:02]} Rxh4 {[%emt 0:00:02]} 58. a7 {[%emt 0:00:02]} Ra4 {[%emt 0:00:02]} 59. Ra6 {[%emt 0:00:01]} Rb4+ {[%emt 0:00:02]} 60. Kc7 {[%emt 0:00:05]} Rc4+ {[%emt 0:00:02]} 61. Kd7 {[%emt 0:00:01]} 1-0

[Event "European Online Club-ch-E 2021"]
[Site "Online"]
[Date "2021.03.27"]
[Round "4.13"]
[White "Mamedyarov, Shakhriyar"]
[Black "Chatalbashev, Boris"]
[Result "1-0"]
[WhiteElo "2770"]
[BlackElo "2530"]
[Annotator "TA"]
[PlyCount "59"]
[EventDate "2021.03.27"]
[EventType "team-tourn"]
[EventCountry "NET"]
[SourceTitle "playchess.com"]
[Source "ChessBase"]
[SourceQuality "1"]

{[%evp 9,59,37,37,43,36,33,33,35,53,65,56,35,80,78,84,37,39,25,92,56,104,102,104,69,81,87,73,96,95,66,150,69,161,68,150,109,187,134,224,227,243,218,188,50,350,359,629,618,29985,29985,29991,29991]} 1. e4 g6 2. d4 Bg7 3. Nc3 d5 4. Nxd5 c6 5. Nf4 Qxd4 6. Qxd4 {B06: Modern Defence.} Bxd4 7. Nf3 Bg7 8. e5 {White is slightly better.} Bg4 9. e6 $1 {[#]} Nh6 $146 ({Predecessor:} 9... Bxf3 10. exf7+ Kxf7 11. Bc4+ Kf6 12. gxf3 Nd7 13. Be3 Nb6 14. Bb3 e5 15. O-O-O Bh6 16. Rd6+ Ke7 17. Re6+ Kd7 18. Rd1+ Kc7 19. Rxe5 Bxf4 20. Bxf4 {1-0 (20) Pijpers,A (2338)-Bakker,J (1990) Leiden 2013}) 10. Bc4 Bxf3 11. gxf3 f6 12. Bd2 Nf5 13. O-O-O Nd6 (13... Bh6 $11 {remains equal.}) 14. Bd3 f5 15. h4 Bf6 16. h5 g5 17. Ne2 Na6 18. Bxa6 bxa6 19. b3 {[%cal Bb2b3,Bb3c4][%mdl 32]} h6 (19... f4 $14) 20. c4 ({White should play} 20. Bb4 $16) 20... O-O (20... f4 $14) 21. Kc2 (21. Rhg1 $18) 21... Rab8 (21... Ne8 $14) 22. Rhe1 Kg7 (22... f4 $16 {was necessary.}) 23. Ba5 ({Better is} 23. f4 $18) 23... Nxc4 (23... Nb7 $16 {is a better defense.}) 24. bxc4 $18 Rb2+ {[#]} 25. Kc1 $1 Rxa2 26. Bc3 (26. Bc7 $18) 26... Rb8 $2 {[%mdl 8192] [#] Loses the game.} (26... Bxc3 $14 27. Nxc3 Rxf2) 27. Nd4 $1 {[%cal Rd4f5]} Kf8 $2 (27... Kh7 28. Nxc6 Bxc3 29. Nxb8 Bxe1) 28. Nxc6 {Threatens to win with Bxf6.} Rc8 29. Bxf6 exf6 30. Rd8+ {[%mdl 64] Double Attack.  Weighted Error Value: White=0.25/Black=0.79} 1-0

[Event "European Online Club-ch-E 2021"]
[Site "Online"]
[Date "2021.03.27"]
[Round "4.14"]
[White "Moreno Trujillo, Alejandro"]
[Black "Guseinov, Gadir"]
[Result "1-0"]
[WhiteElo "2483"]
[BlackElo "2665"]
[Annotator "TA"]
[PlyCount "97"]
[EventDate "2021.03.27"]
[EventType "team-tourn"]
[EventCountry "NET"]
[SourceTitle "playchess.com"]
[Source "ChessBase"]
[SourceQuality "1"]

{[%evp 15,97,0,22,23,25,9,26,18,31,27,29,27,29,27,0,0,0,0,51,63,54,52,45,49,55,52,66,58,115,35,81,128,132,123,125,40,28,-14,-27,-119,-26,-52,-49,-37,-37,-24,-29,-104,-94,-86,-57,-57,-57,-57,-13,-50,8,8,201,201,410,370,489,482,6504,6516,5197,2252,29970,29971,29970,29952,29972,29974,29974,29973,29975,29976,29978,29979,29978,29979,29978,29976]} 1. d4 Nf6 2. c4 g6 3. Nc3 Bg7 4. e4 d6 5. Nf3 O-O 6. h3 e5 7. d5 Nh5 8. Nh2 Na6 9. g3 {E90: King's Indian: Classical: Early deviations and 6 h3.} Nc5 10. Be3 a5 11. Bg2 {[#] White has an edge.} f5 $146 ({Predecessor:} 11... b6 12. O-O Qe8 13. Nb5 Na6 14. Nf3 Bd7 15. Re1 Bxb5 16. cxb5 Qxb5 17. b3 Nf6 {½-½ (57) Lopez Martinez,J (2538)-Cuenca Jimenez,J (2483) Roquetas de Mar 2015}) 12. exf5 Bxf5 13. Bxc5 dxc5 14. O-O e4 15. g4 Nf4 16. gxf5 gxf5 (16... Bxc3 $11 17. bxc3 gxf5) 17. Ne2 $14 Be5 18. Nxf4 Bxf4 19. Re1 Ra6 20. f3 e3 21. Nf1 Rg6 {[#]} (21... Qg5 $14) 22. Qd3 ({Weaker is} 22. Nxe3 Qg5 $17) (22. Re2 $1 $16) 22... Qh4 23. Re2 Qxh3 {Threatens to win with ...Re8.} 24. Nxe3 Qxf3 25. Rf1 (25. d6 $1 $16 {[%cal Rd6d7]} Rg3 26. Qd5+ Qxd5 27. Nxd5 Bxd6 28. Kf2) 25... Qg3 {( -> ...Qh2+)} 26. Rxf4 Qxf4 27. Rf2 (27. Nf1 $11) 27... Qe5 ({Black should play} 27... Qg3 $17 {...f4 is the strong threat.} 28. d6 Rxd6) 28. Rxf5 Rxf5 29. Nxf5 Rg5 30. Ne3 Qxb2 31. Qe4 (31. d6 $1 $11 {keeps the balance.} Qa1+ 32. Kf2 Qb2+ 33. Kg1 Qa1+ 34. Kf2 Qf6+ 35. Ke2 cxd6 36. Qb1) 31... Qe5 $17 ({Don't play} 31... Qxa2 $6 32. Qe8+ Kg7 33. Qe7+ Kg6 34. Qe6+ (34. Qxc7 Qa1+ 35. Kf2 Qb2+ 36. Kg1 Qc1+ 37. Kf2 Qb2+ 38. Kg1 Qc1+ 39. Kf2 Qb2+ $11) 34... Kg7 35. Qe7+ Kg6 36. Qe6+ (36. Qxc7 Qa1+ 37. Kf2 Qf6+ 38. Ke2 Qb2+ 39. Kf3 Qf6+ 40. Ke2 Qb2+ 41. Kd3 Qd4+ 42. Ke2 Re5 $11) 36... Kg7 37. Qe7+ $11) 32. Kf2 Qg3+ 33. Ke2 {Black must now prevent Qe8+.} Re5 34. Qf3 Qg6 35. Kf2 h5 (35... Qh5 $15) 36. Bh3 $1 $11 h4 $2 {Black cannot hold the game after this.} (36... Kg7 $11) 37. Be6+ $18 {[%mdl 1024] White has strong compensation.} Kg7 $2 {[#]} (37... Rxe6 {was called for.} 38. dxe6 Qxe6 39. Qxb7 Qf6+ 40. Ke2 Qe7 41. Qd5+ Kf8) 38. Nf5+ $1 Kh8 {intending ...Qg5.} 39. Qf4 Qf6 (39... Rxe6 $142 40. dxe6 Qxe6 41. Qxh4+ Kg8) 40. Qg4 {[%csl Ge6][%cal Rg4g8]} Rxf5+ 41. Qxf5 Kg7 42. Qxf6+ {White mates.} Kxf6 {[%mdl 4096] Endgame KB-KP} 43. Ke3 Ke5 44. a4 b6 45. Bh3 b5 46. cxb5 Kxd5 47. Kd3 c4+ 48. Kc3 Kc5 49. Bg2 {Weighted Error Value: White=0.14/Black=0.48} 1-0

[Event "European Online Club-ch-E 2021"]
[Site "Online"]
[Date "2021.03.27"]
[Round "4.15"]
[White "Durarbayli, Vasif"]
[Black "Garrido Dominguez, Jesus"]
[Result "1-0"]
[WhiteElo "2606"]
[BlackElo "2413"]
[Annotator "ChessBase"]
[PlyCount "49"]
[EventDate "2021.03.27"]
[EventType "team-tourn"]
[EventCountry "NET"]
[SourceTitle "playchess.com"]
[Source "ChessBase"]
[SourceQuality "1"]
[TimeControl "900+5"]

1. e4 {[%emt 0:00:00]} d6 {[%emt 0:00:03]} 2. d4 {[%emt 0:00:03]} Nf6 {[%emt 0:00:03]} 3. Nc3 {[%emt 0:00:02]} e5 {[%emt 0:00:02]} 4. Nf3 {[%emt 0:00:07]} Nbd7 {[%emt 0:00:04]} 5. h3 {[%emt 0:00:26]} Be7 {[%emt 0:00:13]} 6. Be3 {[%emt 0:00:02]} c6 {[%emt 0:00:04]} 7. g4 {[%emt 0:00:09]} exd4 {[%emt 0:03:45]} 8. Nxd4 {[%emt 0:00:44]} Nc5 {[%emt 0:00:09]} 9. Bg2 {[%emt 0:00:09]} Qa5 {[%emt 0:00:27]} 10. O-O {[%emt 0:01:34]} g6 {[%emt 0:00:11]} 11. Nb3 {[%emt 0:00:23]} Nxb3 {[%emt 0:00:14]} 12. axb3 {[%emt 0:00:04]} Qc7 {[%emt 0:00:04]} 13. f4 {[%emt 0:00:02]} a6 {[%emt 0:00:07]} 14. Bd4 {[%emt 0:01:20]} O-O {[%emt 0:00:25]} 15. f5 {[%emt 0:00:14]} g5 {[%emt 0:02:29]} 16. h4 {[%emt 0:02:15]} h6 {[%emt 0:00:11]} 17. hxg5 {[%emt 0:00:03]} hxg5 {[%emt 0:00:10]} 18. Qd2 {[%emt 0:00:06]} Nh7 {[%emt 0:00:05]} 19. f6 {[%emt 0:02:24]} Bd8 {[%emt 0:00:03]} 20. Rf3 {[%emt 0:00:03]} Re8 {[%emt 0:02:29]} 21. Rh3 {[%emt 0:01:14]} Re5 {[%emt 0:00:07]} 22. Bxe5 {[%emt 0:00:06]} dxe5 {[%emt 0:00:02]} 23. Rxh7 {[%emt 0:00:04]} Qb6+ {[%emt 0:00:09]} 24. Kh1 {[%emt 0:00:18]} Kxh7 {[%emt 0:00:02]} 25. Qxg5 {[%emt 0:00:06]} 1-0

[Event "European Online Club-ch-E 2021"]
[Site "Online"]
[Date "2021.03.27"]
[Round "4.16"]
[White "Soham Das"]
[Black "Safarli, Eltaj"]
[Result "1/2-1/2"]
[WhiteElo "2385"]
[BlackElo "2598"]
[Annotator "ChessBase"]
[PlyCount "106"]
[EventDate "2021.03.27"]
[EventType "team-tourn"]
[EventCountry "NET"]
[SourceTitle "playchess.com"]
[Source "ChessBase"]
[SourceQuality "1"]
[TimeControl "900+5"]

1. d4 {[%emt 0:00:00]} Nf6 {[%emt 0:00:03]} 2. c4 {[%emt 0:00:04]} e6 {[%emt 0:00:02]} 3. g3 {[%emt 0:00:07]} d5 {[%emt 0:00:02]} 4. Bg2 {[%emt 0:00:07]} Be7 {[%emt 0:00:02]} 5. Nf3 {[%emt 0:00:02]} O-O {[%emt 0:00:02]} 6. O-O {[%emt 0:00:02]} dxc4 {[%emt 0:00:01]} 7. Qc2 {[%emt 0:00:33]} a6 {[%emt 0:00:02]} 8. Qxc4 {[%emt 0:00:02]} b5 {[%emt 0:00:02]} 9. Qc2 {[%emt 0:00:02]} Bb7 {[%emt 0:00:01]} 10. Bf4 {[%emt 0:00:29]} Nc6 {[%emt 0:00:06]} 11. Nc3 {[%emt 0:00:11]} Nb4 {[%emt 0:01:04]} 12. Qd2 {[%emt 0:00:07]} c5 {[%emt 0:00:09]} 13. dxc5 {[%emt 0:00:25]} Bxc5 {[%emt 0:00:47]} 14. Qxd8 {[%emt 0:00:36]} Rfxd8 {[%emt 0:00:04]} 15. a4 {[%emt 0:00:04]} bxa4 {[%emt 0:02:26]} 16. Nxa4 {[%emt 0:00:07]} Ba7 {[%emt 0:00:02]} 17. Rfc1 {[%emt 0:00:21]} Rdc8 {[%emt 0:00:17]} 18. Nc3 {[%emt 0:00:32]} Nbd5 {[%emt 0:00:31]} 19. Nxd5 {[%emt 0:00:32]} Nxd5 {[%emt 0:00:43]} 20. Be5 {[%emt 0:00:18]} Nb4 {[%emt 0:00:50]} 21. Ne1 {[%emt 0:00:45]} Bxg2 {[%emt 0:00:29]} 22. Kxg2 {[%emt 0:00:06]} Bc5 {[%emt 0:01:19]} 23. Ra4 {[%emt 0:00:17]} Bf8 {[%emt 0:00:24]} 24. Rxc8 {[%emt 0:03:27]} Rxc8 {[%emt 0:00:02]} 25. e4 {[%emt 0:00:09]} Rc6 {[%emt 0:02:04]} 26. Bc3 {[%emt 0:00:14]} Rb6 {[%emt 0:00:02]} 27. Kf3 {[%emt 0:00:10]} f6 {[%emt 0:01:01]} 28. Ke2 {[%emt 0:00:32]} Bc5 {[%emt 0:00:36]} 29. f4 {[%emt 0:01:25]} Kf7 {[%emt 0:00:08]} 30. Nf3 {[%emt 0:00:11]} Nc6 {[%emt 0:01:39]} 31. Nd2 {[%emt 0:00:25]} Nb8 {[%emt 0:00:16]} 32. Nc4 {[%emt 0:00:18]} Rb5 {[%emt 0:00:15]} 33. Kd3 {[%emt 0:00:32]} Be7 {[%emt 0:00:09]} 34. e5 {[%emt 0:00:20]} Nd7 {[%emt 0:00:08]} 35. Kc2 {[%emt 0:00:09]} Nb6 {[%emt 0:00:31]} 36. Nxb6 {[%emt 0:00:11]} Rxb6 {[%emt 0:00:01]} 37. Rc4 {[%emt 0:00:04]} fxe5 {[%emt 0:00:16]} 38. fxe5 {[%emt 0:00:37]} h5 {[%emt 0:00:06]} 39. Rc7 {[%emt 0:00:06]} Ke8 {[%emt 0:00:01]} 40. Kd3 {[%emt 0:00:12]} g5 {[%emt 0:00:15]} 41. h3 {[%emt 0:00:21]} Kd8 {[%emt 0:00:12]} 42. Ra7 {[%emt 0:00:06]} Rc6 {[%emt 0:00:01]} 43. Ra8+ {[%emt 0:00:09]} Kd7 {[%emt 0:00:03]} 44. Ra7+ {[%emt 0:00:18]} Ke8 {[%emt 0:00:03]} 45. g4 {[%emt 0:00:21]} hxg4 {[%emt 0:00:03]} 46. hxg4 {[%emt 0:00:02]} Bc5 {[%emt 0:00:16]} 47. Ra8+ {[%emt 0:00:07]} Kf7 {[%emt 0:00:03]} 48. Rd8 {[%emt 0:00:10]} Be7 {[%emt 0:00:07]} 49. Rd7 {[%emt 0:00:13]} Ke8 {[%emt 0:00:09]} 50. Ra7 {[%emt 0:00:04]} Bc5 {[%emt 0:00:01]} 51. Ra8+ {[%emt 0:00:07]} Kf7 {[%emt 0:00:03]} 52. Bd2 {[%emt 0:00:31]} Be7 {[%emt 0:00:09]} 53. Bc3 {[%emt 0:00:15]} Bc5 {[%emt 0:00:03]} 1/2-1/2

[Event "European Online Club-ch-E 2021"]
[Site "Online"]
[Date "2021.03.27"]
[Round "4.17"]
[White "Oparin, Grigoriy"]
[Black "Mikhalevski, Victor"]
[Result "1-0"]
[WhiteElo "2652"]
[BlackElo "2552"]
[Annotator "TA"]
[PlyCount "75"]
[EventDate "2021.03.27"]
[EventType "team-tourn"]
[EventCountry "NET"]
[SourceTitle "playchess.com"]
[Source "ChessBase"]
[SourceQuality "1"]

{[%evp 10,74,24,28,22,16,35,-2,31,22,34,6,23,14,23,20,20,18,45,31,31,20,39,33,50,37,60,50,55,45,43,0,0,0,25,28,37,23,26,0,0,0,0,0,0,0,0,0,0,0,20,0,139,118,5206,174,181,170,164,0,0,-291,640,624,29998,29999,29999]} 1. e4 e5 2. Nf3 Nc6 3. Bc4 Bc5 4. d3 Nf6 5. Bg5 h6 6. Bh4 Be7 {C50: Hungarian Defence and Giuoco Pianissimo.} 7. Bg3 d6 8. c3 $5 {[%mdl 4] [#] Exploring less charted territory.} g6 $146 {The position is equal.} ({Predecessor:} 8... O-O 9. O-O g6 10. h3 Nh5 11. Bh2 Bg5 12. d4 Bf4 13. Na3 Bxh2+ 14. Kxh2 Qf6 {½-½ (65) Van Foreest,L (2515)-Svane,R (2610) Skopje 2019}) 9. a4 Nh5 10. a5 a6 11. Nbd2 Bf6 12. h3 Nxg3 13. fxg3 O-O 14. Qe2 Bg7 15. g4 Ne7 16. O-O c6 17. Ba2 d5 18. Kh1 Qc7 19. b4 Be6 20. d4 exd4 21. Nxd4 Kh7 22. Rae1 c5 23. Nxe6 (23. bxc5 {is interesting.} Qxa5 24. Bb1 Qxc5 25. Nxe6 fxe6 26. exd5 Qxd5 27. Nf3) 23... fxe6 24. Rxf8 (24. bxc5 {feels hotter.} Rxf1+ 25. Rxf1 Rf8 26. Rxf8 Bxf8 27. Nb3) 24... Rxf8 25. exd5 Nxd5 26. Qxe6 Nxc3 27. Bb3 cxb4 28. Nf3 Qxa5 29. h4 {Black must now prevent h5!} ({Much weaker is} 29. Ne5 Bxe5 30. Rxe5 Qd8 $17) 29... Qd8 30. g5 Qd3 {[#]} (30... Qc8 $1 $11 31. Bc2 Qxe6 32. Rxe6 a5 33. Rxg6 Kh8 34. gxh6 Bf6) 31. h5 $1 $16 {Strongly threatening Ne5!} gxh5 $2 {[%mdl 8192]} (31... Qf5 $16) 32. gxh6 $2 (32. Ne5 Qf1+ 33. Rxf1 Rxf1+ 34. Kh2 Bxe5+ 35. Qxe5 hxg5 36. Qxg5 Ne4 37. Bc2) 32... Bf6 $18 ({Don't play} 32... Bxh6 $6 33. Qh3 $14) 33. Bc4 Qg6 34. Qd7+ $40 {[%mdl 128] White attacks.} (34. Qd6 $18 Qxh6 35. Bd3+ Kg8 36. Bc4+ Kh7 37. Bd3+ Kg8 38. Bc4+ Kh7) 34... Kxh6 $11 {Hoping for ...Ne4.} 35. Bd3 {[%mdl 8192] [#]} (35. Qd2+ $11 {and White is okay.} Kg7 36. Qd7+ Kh6 37. Qd2+ Kg7 38. Qd7+ Kh8 39. Bd3) 35... Qf7 $4 {[%mdl 8192]} (35... Rd8 $1 $19 {[%mdl 512]} 36. Qxd8 Bxd8 37. Bxg6 Kxg6 38. Ne5+ Kg7) 36. Qf5 $18 {White wants to mate with Re6!} Bd8 37. Re6+ Kg7 38. Qh7# {Weighted Error Value: White=0.56/Black=0.57} 1-0